| 000 | 00763cam a22002773a 4500 | ||
|---|---|---|---|
| 001 | 33178 | ||
| 003 | PGUSA | ||
| 005 | 20140828083722.0 | ||
| 008 | 100715s2010||||xxu|||||s|||||000 | eng d | ||
| 040 |
_aPGUSA _beng |
||
| 042 | _adc | ||
| 050 | 4 | _aS | |
| 100 | 1 |
_aBailey, L. H. _q(Liberty Hyde), _d1858-1954 |
|
| 245 | 1 | 4 |
_aThe Holy Earth _h[electronic resource] / _cL. H. Bailey |
| 260 |
_bProject Gutenberg, _c2010 |
||
| 506 | _aPublic domain in the USA. | ||
| 516 | _aElectronic text | ||
| 653 | _aConservation of natural resources | ||
| 653 | _aCountry life | ||
| 653 | _aNatural resources | ||
| 653 | _aNature | ||
| 653 | _aEarth (Planet) | ||
| 830 | 0 |
_aProject Gutenberg _v33178 |
|
| 856 | 4 | 0 | _uhttp://www.gutenberg.org/ebooks/33178 |
| 942 | _cEB | ||
| 999 |
_c262433 _d262433 |
||